[Event "Top16 Gonfreville l'Orcher"]
[Site "?"]
[Date "2007.05.01"]
[Round "7"]
[White "Romieux, Sébastien"]
[Black "Pilé, Richard"]
[Result "1/2-1/2"]
[WhiteElo "2243"]
[BlackElo "2285"]
[PlyCount "76"]
[EventDate "2007.??.??"]
[SourceDate "2007.04.30"]
[WhiteTeam "Créteil"]
[BlackTeam "Paris Chess Club"]

1. e4 c5 2. Nf3 e6 3. d4 cxd4 4. Nxd4 Nc6 5. Nb5 d6 6. Bf4 e5 7. Be3 a6 8. N5c3
Nf6 9. Bg5 Be7 10. Bxf6 Bxf6 11. Nd2 Be6 12. Nc4 Nd4 13. Ne3 Qa5 14. Bd3 Bg5
15. O-O Bxe3 16. fxe3 Nc6 17. Qe1 Ne7 18. Rd1 Rc8 19. Qg3 O-O 20. h4 Kh8 21. a3
Rxc3 22. bxc3 Qxa3 23. c4 Qc5 24. Rb1 Rb8 25. Qg5 Nc6 26. Rf3 Na5 27. Qe7 h6
28. Kh2 Kh7 29. h5 Nc6 30. Qc7 Rc8 31. Qb6 Qxb6 32. Rxb6 Rc7 33. Kg3 Kg8 34.
Rf1 Kf8 35. Rfb1 Bc8 36. Be2 Ke7 37. Bg4 Bxg4 38. Kxg4 Na5 1/2-1/2

[Event "Top16 Gonfreville l'Orcher"]
[Site "?"]
[Date "2007.05.01"]
[Round "7"]
[White "Spiridonov, Nikola"]
[Black "Strugnell, Carl"]
[Result "1-0"]
[WhiteElo "2363"]
[BlackElo "2225"]
[PlyCount "83"]
[EventDate "2007.??.??"]
[SourceDate "2007.04.30"]
[WhiteTeam "Paris Chess Club"]
[BlackTeam "Créteil"]

1. c4 Nf6 2. Nf3 g6 3. Nc3 d5 4. cxd5 Nxd5 5. e4 Nxc3 6. dxc3 Qxd1+ 7. Kxd1 f6
8. Bc4 e5 9. Be3 Nd7 10. Be6 Bd6 11. Kc2 Ke7 12. Bh3 b6 13. b4 a5 14. a3 axb4
15. axb4 Ba6 16. Nd2 c5 17. Bxd7 Kxd7 18. bxc5 Bxc5 19. Bxc5 bxc5 20. Rhb1 Kc6
21. f3 Be2 22. c4 f5 23. Rxa8 Rxa8 24. Re1 Ra2+ 25. Kc3 Ra3+ 26. Kb2 Re3 27.
exf5 gxf5 28. Nf1 Bxf1 29. Rxe3 Kd6 30. g3 Bxc4 31. f4 e4 32. g4 Be6 33. g5 Bf7
34. Ra3 Kd5 35. Kc3 e3 36. Ra7 Bg6 37. Re7 Kd6 38. Rxe3 Kd5 39. h4 Kd6 40. Rd3+
Kc6 41. Rd8 Kc7 42. Rf8 1-0

[Event "Top16 Gonfreville l'Orcher"]
[Site "?"]
[Date "2007.05.01"]
[Round "7"]
[White "Guilleux, Fabien"]
[Black "Kessler, Martin"]
[Result "1-0"]
[WhiteElo "2203"]
[BlackElo "2149"]
[PlyCount "99"]
[EventDate "2007.??.??"]
[SourceDate "2007.04.30"]
[WhiteTeam "Créteil"]
[BlackTeam "Paris Chess Club"]

1. e4 c5 2. Nf3 d6 3. d4 cxd4 4. Nxd4 Nf6 5. Nc3 Nc6 6. Bg5 a6 7. Qd2 Bd7 8.
O-O-O e6 9. f4 Be7 10. Nf3 b5 11. Bxf6 gxf6 12. Kb1 Qc7 13. Ne2 Na5 14. f5 Nc4
15. Qc1 e5 16. Nc3 Na3+ 17. Ka1 Rc8 18. Bd3 Qc5 19. Nd5 Nxc2+ 20. Bxc2 Qxc2 21.
Qh6 Rg8 22. Nh4 Qxe4 23. Qxh7 Qg4 24. Ng6 Rxg6 25. fxg6 Qxg6 26. Qh8+ Bf8 27.
Nxf6+ Ke7 28. Nxd7 Kxd7 29. Qh3+ Kd8 30. Rc1 Rc5 31. Rxc5 dxc5 32. Rd1+ Bd6 33.
Qd3 Qxd3 34. Rxd3 Ke7 35. Ra3 e4 36. g4 Bf4 37. Rc3 Bd2 38. Rxc5 f6 39. Rf5 e3
40. Rf4 Ke6 41. Kb1 Ke5 42. Rf5+ Ke4 43. Kc2 Ba5 44. Kd1 Kd3 45. Rd5+ Ke4 46.
Rd6 Bc7 47. Rxf6 Bxh2 48. Ke2 Be5 49. Re6 Kd5 50. Rxe5+ 1-0

[Event "Top16 Gonfreville l'Orcher"]
[Site "?"]
[Date "2007.05.01"]
[Round "7"]
[White "Aflalo, Sophie"]
[Black "Lam, Sophie"]
[Result "1-0"]
[WhiteElo "1954"]
[BlackElo "2064"]
[PlyCount "153"]
[EventDate "2007.??.??"]
[SourceDate "2007.04.30"]
[WhiteTeam "Paris Chess Club"]
[BlackTeam "Créteil"]

1. e4 c5 2. Nf3 Nc6 3. d4 cxd4 4. Nxd4 g6 5. Nxc6 dxc6 6. Qxd8+ Kxd8 7. Bc4 e6
8. O-O Bc5 9. Rd1+ Ke8 10. Bf4 Bd7 11. Nc3 b5 12. Bb3 f6 13. Bd6 Bb6 14. e5 f5
15. a4 Nh6 16. a5 Bd8 17. Rd3 Nf7 18. Rad1 Bxa5 19. Ne2 g5 20. Ng3 Rd8 21. Nh5
Nxd6 22. Rxd6 Ke7 23. Ng7 Bc7 24. Nxe6 Bxd6 25. exd6+ Kf6 26. Nxd8 Rxd8 27. Ra1
Ra8 28. Re1 a5 29. f3 Re8 30. Rd1 Be6 31. d7 Bxd7 32. Rxd7 a4 33. Ba2 Re1+ 34.
Kf2 Ra1 35. Bg8 Rc1 36. Rd2 h6 37. Ke2 Rb1 38. c3 Ke5 39. Bf7 Ra1 40. Be8 a3
41. bxa3 Rxa3 42. Bxc6 Rxc3 43. Bxb5 Rc1 44. g3 Rh1 45. Kd3 h5 46. Bc6 Rc1 47.
Re2+ Kd6 48. Be8 h4 49. g4 fxg4 50. fxg4 Rg1 51. Bh5 Rd1+ 52. Ke4 Rf1 53. Ke3
Ke5 54. Rf2 Rc1 55. Kf3 Ra1 56. Re2+ Kd4 57. Rd2+ Ke5 58. Bg6 Re1 59. Rf2 Ra1
60. Bd3 Kd4 61. Rd2 Kc3 62. Ke3 Re1+ 63. Be2 Rh1 64. Bf3 Re1+ 65. Re2 Ra1 66.
Bc6 Ra6 67. Be4 Ra1 68. Rc2+ Kb4 69. Kd4 Rg1 70. Rg2 Rf1 71. Rb2+ Ka3 72. Rc2
Kb4 73. Rc3 Rf2 74. h3 Rd2+ 75. Rd3 Re2 76. Ke5 Re1 77. Kf5 1-0

[Event "Top16 Gonfreville l'Orcher"]
[Site "?"]
[Date "2007.05.01"]
[Round "7"]
[White "Kazhgaleyev, Murtas"]
[Black "Nijboer, Friso"]
[Result "1/2-1/2"]
[WhiteElo "2603"]
[BlackElo "2606"]
[PlyCount "55"]
[EventDate "2007.??.??"]
[SourceDate "2007.04.30"]
[WhiteTeam "Cannes"]
[BlackTeam "Vandoeuvre"]

1. d4 f5 2. c4 Nf6 3. Nc3 d6 4. Bg5 Nbd7 5. Qc2 g6 6. e3 Bg7 7. Bd3 e5 8. f3
O-O 9. Nge2 c6 10. h3 Qa5 11. Bh4 e4 12. fxe4 fxe4 13. Bxe4 Nxe4 14. Qxe4 Nb6
15. Qd3 Qa6 16. b3 d5 17. e4 dxc4 18. Qd1 Qa5 19. Be7 Rf7 20. Bc5 Nd7 21. Bd6
Qg5 22. Qd2 Qxg2 23. O-O-O Nb6 24. h4 Bg4 25. Rh2 Qf3 26. Bf4 Rxf4 27. Nxf4 Bh6
28. Rf2 1/2-1/2

[Event "Top16 Gonfreville l'Orcher"]
[Site "?"]
[Date "2007.05.01"]
[Round "7"]
[White "Fontaine, Robert"]
[Black "Philippe, Christophe"]
[Result "1/2-1/2"]
[WhiteElo "2567"]
[BlackElo "2354"]
[PlyCount "173"]
[EventDate "2007.??.??"]
[SourceDate "2007.04.30"]
[WhiteTeam "Cannes"]
[BlackTeam "Vandoeuvre"]

1. e4 c5 2. Nf3 e6 3. b3 b6 4. d4 cxd4 5. Nxd4 Bb7 6. Bd3 Bc5 7. c3 a6 8. O-O
Qc7 9. Qg4 g6 10. Bb2 h5 11. Qf3 Nh6 12. Nd2 Ng4 13. Qh3 Nc6 14. N2f3 O-O-O 15.
b4 Be7 16. b5 axb5 17. Nxb5 Qb8 18. Ba3 Bxa3 19. Nxa3 Qd6 20. Nb5 Qxd3 21. Rab1
d6 22. Rfd1 Qxe4 23. Qg3 Nce5 24. Ng5 Qf5 25. h4 f6 26. Nh3 Nc4 27. Rb4 Nge5
28. Rd4 Bd5 29. Nf4 Qc2 30. f3 Qc1+ 31. Kh2 Ne3 32. Nxd5 Nf1+ 33. Kh3 Nxg3 34.
Nxb6+ Kb7 35. Nc4 Nxc4 36. Rdxc4 Qd1 37. Nd4+ Ka8 38. Ra4+ Qxa4 39. Rxa4+ Kb7
40. Rb4+ Ka6 41. Kxg3 Rc8 42. Ra4+ Kb6 43. Rb4+ Ka5 44. Nxe6 Rxc3 45. Rd4 Rc6
46. Nf4 Kb5 47. a4+ Ka5 48. Nd5 Rf8 49. Kh3 Rc1 50. Ne3 Rd8 51. Nd5 Rf8 52. Nf4
g5 53. hxg5 fxg5 54. Ne6 Rf5 55. Kg3 Ra1 56. Rxd6 Rxa4 57. Nd4 Rf4 58. Rd5+ Kb6
59. Ne2 h4+ 60. Kh2 Rf8 61. Rxg5 Ra2 62. Nc3 Rc2 63. Nd5+ Kb7 64. Rg7+ Kb8 65.
Kh3 Rh8 66. Nf4 Rc1 67. Kh2 Kc8 68. Rg4 Rc4 69. Kh3 Rc1 70. Kh2 Rc4 71. Kh3 Rc1
72. Rg5 Kd7 73. Kh2 Rc2 74. Ng6 Rh6 75. Kh3 Rc1 76. Ne5+ Ke6 77. Nd3 Rh1+ 78.
Kg4 Rh2 79. Nf4+ Kf6 80. Ra5 Rh8 81. Ra6+ Kf7 82. Kf5 Rb8 83. Ra7+ Kg8 84. Kg5
Rb5+ 85. Kh6 Rb6+ 86. Kg5 Rb5+ 87. Kh6 1/2-1/2

[Event "Top16 Gonfreville l'Orcher"]
[Site "?"]
[Date "2007.05.01"]
[Round "7"]
[White "Brunner, Nicolas"]
[Black "Cornette, Mathieu"]
[Result "1/2-1/2"]
[WhiteElo "2439"]
[BlackElo "2490"]
[PlyCount "27"]
[EventDate "2007.??.??"]
[SourceDate "2007.04.30"]
[WhiteTeam "Vandoeuvre"]
[BlackTeam "Cannes"]

1. d4 Nf6 2. c4 e6 3. Nf3 d5 4. Nc3 Bb4 5. cxd5 exd5 6. Bg5 h6 7. Bxf6 Qxf6 8.
a3 Bxc3+ 9. bxc3 O-O 10. g3 Re8 11. Bg2 Bh3 12. O-O Bxg2 13. Kxg2 Nd7 14. Qd3
1/2-1/2

[Event "Top16 Gonfreville l'Orcher"]
[Site "?"]
[Date "2007.05.01"]
[Round "7"]
[White "Govciyan, Pavel"]
[Black "Nezar, Mustapha"]
[Result "1/2-1/2"]
[WhiteElo "2414"]
[BlackElo "2420"]
[PlyCount "66"]
[EventDate "2007.??.??"]
[SourceDate "2007.04.30"]
[WhiteTeam "Cannes"]
[BlackTeam "Vandoeuvre"]

1. d4 Nf6 2. Nf3 e6 3. a3 c5 4. c3 Nc6 5. Bf4 d5 6. e3 Bd6 7. Bg3 O-O 8. Nbd2
Qe7 9. b4 b6 10. Bb5 Bd7 11. Qe2 a5 12. bxc5 bxc5 13. Ne5 Rfc8 14. f4 Ne8 15.
Bd3 f5 16. O-O c4 17. Bc2 a4 18. Ndf3 Nxe5 19. fxe5 Bxa3 20. Ra2 Qf8 21. e4
dxe4 22. Bxe4 fxe4 23. Ng5 Qe7 24. Qh5 h6 25. Nxe4 Bc6 26. Nd2 Bd5 27. Nb1 Nc7
28. Nxa3 Rf8 29. Rfa1 Qd7 30. Nc2 Bc6 31. Qe2 Nd5 32. Ra3 Bb5 33. h3 Rab8
1/2-1/2

[Event "Top16 Gonfreville l'Orcher"]
[Site "?"]
[Date "2007.05.01"]
[Round "7"]
[White "Moret, Vincent"]
[Black "Guidarelli, Laurent"]
[Result "0-1"]
[WhiteElo "2176"]
[BlackElo "2458"]
[PlyCount "80"]
[EventDate "2007.??.??"]
[SourceDate "2007.04.30"]
[WhiteTeam "Vandoeuvre"]
[BlackTeam "Cannes"]

1. Nf3 Nf6 2. c4 c5 3. Nc3 b6 4. g3 Bb7 5. Bg2 e6 6. O-O d6 7. Re1 Nbd7 8. e4
a6 9. d4 cxd4 10. Nxd4 Qc7 11. Be3 Be7 12. Rc1 Rc8 13. f4 Qb8 14. b3 Nc5 15.
Bf2 Qa8 16. Qe2 g6 17. b4 Ncd7 18. Nb3 O-O 19. a4 d5 20. e5 Nh5 21. Na2 dxc4
22. Bxb7 Qxb7 23. Rxc4 Rxc4 24. Qxc4 Rc8 25. Qd3 Ng7 26. Rc1 Rxc1+ 27. Nbxc1 h5
28. Ne2 Nf5 29. Nec3 Kg7 30. Qe4 Qc8 31. Qd3 a5 32. bxa5 bxa5 33. Qb5 g5 34.
Qxa5 gxf4 35. gxf4 Nf8 36. Qb5 Ng6 37. a5 Nxf4 38. Kf1 Qa8 39. Ke1 Qf3 40. Nd1
Nd3+ 0-1

[Event "Top16 Gonfreville l'Orcher"]
[Site "?"]
[Date "2007.05.01"]
[Round "7"]
[White "Leconte, Maria"]
[Black "Klipper, Rebecca"]
[Result "1-0"]
[WhiteElo "2371"]
[BlackElo "2026"]
[PlyCount "51"]
[EventDate "2007.??.??"]
[SourceDate "2007.04.30"]
[WhiteTeam "Cannes"]
[BlackTeam "Vandoeuvre"]

1. e4 c5 2. Nf3 Nc6 3. d4 cxd4 4. Nxd4 g6 5. Nc3 Bg7 6. Nb3 Nf6 7. Be2 a5 8. a4
d6 9. O-O O-O 10. Bg5 Nb4 11. Kh1 b6 12. Qd2 Bb7 13. f3 d5 14. e5 Ne8 15. f4 f6
16. exf6 exf6 17. Bh4 Qc8 18. f5 Nd6 19. Nd4 Nxf5 20. Nxf5 gxf5 21. Rac1 Rd8
22. Nb5 Kh8 23. Nd4 Rf8 24. Nxf5 Qe6 25. Rce1 Qc6 26. Bb5 1-0

[Event "Top16 Gonfreville l'Orcher"]
[Site "?"]
[Date "2007.04.28"]
[Round "4"]
[White "Klipper, Rebecca"]
[Black "Aflalo, Sophie"]
[Result "1-0"]
[WhiteElo "2026"]
[BlackElo "1954"]
[PlyCount "113"]
[EventDate "2007.??.??"]
[SourceDate "2007.04.30"]
[WhiteTeam "Vandoeuvre"]
[BlackTeam "Paris Chess Club"]

1. e4 c5 2. Nf3 Nc6 3. c3 b6 4. d4 e6 5. d5 Nce7 6. Bg5 h6 7. Bh4 g5 8. Bg3 Ng6
9. Ne5 Bb7 10. dxe6 dxe6 11. Qa4+ Ke7 12. Ba6 b5 13. Qxb5 Bxa6 14. Qxa6 Qb6 15.
Qxb6 axb6 16. Na3 Nf6 17. f3 Nh5 18. Nxg6+ fxg6 19. Bc7 Ra6 20. O-O-O Bg7 21.
Rd6 Bxc3 22. Rxb6 Rxb6 23. Bxb6 Bd4 24. Nc2 Bxb2+ 25. Kxb2 Rb8 26. a4 Rxb6+ 27.
Ka3 Nf4 28. Ne3 Rd6 29. Rb1 Rd3+ 30. Rb3 Rxb3+ 31. Kxb3 Kd7 32. Kc4 Kc6 33. g3
Ne2 34. Ng4 Nd4 35. Ne5+ Kb6 36. f4 gxf4 37. gxf4 g5 38. fxg5 hxg5 39. a5+ Kxa5
40. Kxc5 Nb3+ 41. Kc4 Nd2+ 42. Kd3 Nf1 43. Ng4 Kb5 44. Ke2 Nxh2 45. Nxh2 Kc5
46. Ke3 Kc4 47. Nf3 g4 48. Ne5+ Kc5 49. Nxg4 Kc4 50. Kf4 Kd4 51. Ne5 Kc5 52.
Nf7 Kc6 53. Ke5 Kd7 54. Ng5 Ke7 55. Nxe6 Ke8 56. Kd6 Kf7 57. Nc7 1-0

[Event "Top16 Gonfreville l'Orcher"]
[Site "?"]
[Date "2007.04.28"]
[Round "4"]
[White "Kotronias, Vasilios"]
[Black "Asrian, Karen"]
[Result "0-1"]
[WhiteElo "2570"]
[BlackElo "2635"]
[PlyCount "122"]
[EventDate "2007.??.??"]
[SourceDate "2007.04.30"]
[WhiteTeam "Antibes"]
[BlackTeam "Bischwiller"]

1. e4 c6 2. d4 d5 3. Nc3 dxe4 4. Nxe4 Bf5 5. Ng3 Bg6 6. h4 h6 7. Nf3 Nd7 8. h5
Bh7 9. Bd3 Bxd3 10. Qxd3 Ngf6 11. Bf4 Qa5+ 12. Bd2 Qa4 13. a3 e6 14. b3 Qb5 15.
c4 Qb6 16. O-O Qc7 17. Rfe1 O-O-O 18. b4 Bd6 19. Ne2 Nxh5 20. g3 g5 21. Bc3 g4
22. Nd2 Rhg8 23. Rac1 f5 24. c5 Bf8 25. d5 exd5 26. Qxf5 Rg5 27. Qf7 Ne5 28.
Qxc7+ Kxc7 29. Nf4 Re8 30. Re3 Nf6 31. Rce1 Nfd7 32. Kg2 Bg7 33. Nb3 Nf8 34. b5
Kd7 35. R1e2 cxb5 36. Nxd5 Nfg6 37. Nf4 Rg8 38. c6+ Nxc6 39. Bxg7 Nxf4+ 40.
gxf4 R5xg7 41. Nc5+ Kc8 42. Re8+ Nd8 43. f5 Kc7 44. f6 Rxe8 45. Rxe8 Rg5 46.
Re7+ Kc6 47. Ne4 Rf5 48. Re8 Nf7 49. Rf8 Nd6 50. Ng3 Rf3 51. Nh5 Ne4 52. Rh8
Rxf2+ 53. Kg1 Rf5 54. Rxh6 Kc5 55. Kg2 Rf2+ 56. Kg1 Rf5 57. Kg2 Kc4 58. Rh7
Nxf6 59. Rc7+ Kb3 60. Ng3 Re5 61. Rxb7 a5 0-1

[Event "Top16 Gonfreville l'Orcher"]
[Site "?"]
[Date "2007.04.29"]
[Round "5"]
[White "Miralles, Gilles"]
[Black "Bouchet, Nicolas"]
[Result "1-0"]
[WhiteElo "2486"]
[BlackElo "2316"]
[PlyCount "61"]
[EventDate "2007.??.??"]
[SourceDate "2007.04.30"]
[WhiteTeam "Antibes"]
[BlackTeam "Créteil"]

1. e4 c5 2. c3 g6 3. d4 cxd4 4. cxd4 d5 5. e5 Nc6 6. Nc3 f6 7. exf6 Nxf6 8. Nf3
Bg7 9. Be2 O-O 10. O-O Ne4 11. Be3 Nxc3 12. bxc3 Kh8 13. Rb1 b6 14. Qd2 Bg4 15.
Bh6 Bxh6 16. Qxh6 Bxf3 17. Bxf3 e5 18. Rb5 e4 19. Bg4 Qd6 20. f3 Rae8 21. Qg5
Rd8 22. Re1 Qa3 23. Qd2 Qa4 24. Rbb1 Rfe8 25. fxe4 dxe4 26. Qf4 Nxd4 27. Rb4
Qxa2 28. Rxd4 Rxd4 29. Qf6+ Kg8 30. Qxd4 e3 31. Rxe3 1-0

[Event "Top16 Gonfreville l'Orcher"]
[Site "?"]
[Date "2007.04.29"]
[Round "5"]
[White "Bijaoui, Manuel"]
[Black "Brih, Said"]
[Result "1-0"]
[WhiteElo "2388"]
[BlackElo "2222"]
[PlyCount "55"]
[EventDate "2007.??.??"]
[SourceDate "2007.04.30"]
[WhiteTeam "Antibes"]
[BlackTeam "Créteil"]

1. e4 c5 2. Nf3 e6 3. b3 b6 4. d4 cxd4 5. Nxd4 Bb7 6. Bd3 Bc5 7. c3 Nc6 8. Nf3
Qc7 9. Qe2 Nf6 10. b4 Nxb4 11. cxb4 Bxf2+ 12. Kd1 Ng4 13. h3 Rc8 14. Na3 Qc3
15. Nc2 Nf6 16. Rb1 Bg3 17. Bb2 Qc7 18. Ncd4 O-O 19. Nb5 Qf4 20. Be5 Nxe4 21.
Bxf4 Nf2+ 22. Qxf2 Bxf2 23. Ke2 Bxf3+ 24. gxf3 Bh4 25. Nd6 Rc3 26. Nb5 Rcc8 27.
Bd6 Rfe8 28. Nc7 1-0

[Event "Top16 Gonfreville l'Orcher"]
[Site "?"]
[Date "2007.04.29"]
[Round "5"]
[White "Larrat, Philippe"]
[Black "Acher, Mathieu"]
[Result "0-1"]
[WhiteElo "2174"]
[BlackElo "2363"]
[PlyCount "68"]
[EventDate "2007.??.??"]
[SourceDate "2007.04.30"]
[WhiteTeam "Créteil"]
[BlackTeam "Antibes"]

1. e4 e5 2. Nf3 Nc6 3. Nc3 Nf6 4. d4 exd4 5. Nxd4 Bb4 6. Nxc6 bxc6 7. Bd3 d5 8.
exd5 cxd5 9. O-O O-O 10. Bg5 c6 11. Na4 h6 12. Bh4 Re8 13. c3 Bf8 14. Bc2 Ba6
15. Re1 Rxe1+ 16. Qxe1 Qd6 17. Bg3 Qd7 18. Qd2 Bb5 19. Qd4 Re8 20. f3 Qe7 21.
Qd2 c5 22. Re1 Qd7 23. Rxe8 Qxe8 24. Qd1 Qc6 25. Bf2 a5 26. Bh4 Nh5 27. Be1 Bd6
28. c4 Bxc4 29. Bxa5 Nf4 30. b3 Ba6 31. Nc3 Be5 32. Qd2 c4 33. Na4 cxb3 34.
axb3 Bd4+ 0-1

[Event "Top16 Gonfreville l'Orcher"]
[Site "?"]
[Date "2007.04.29"]
[Round "5"]
[White "Meier, Georg"]
[Black "De La Riva Aguado, Oscar"]
[Result "1/2-1/2"]
[WhiteElo "2506"]
[BlackElo "2525"]
[PlyCount "25"]
[EventDate "2007.??.??"]
[SourceDate "2007.04.30"]
[WhiteTeam "Vandoeuvre"]
[BlackTeam "Marseille"]

1. e4 c5 2. Nf3 Nf6 3. e5 Nd5 4. Nc3 e6 5. Nxd5 exd5 6. d4 Nc6 7. dxc5 Bxc5 8.
Qxd5 d6 9. Bd3 Qa5+ 10. Kf1 Be6 11. Qe4 O-O-O 12. Bg5 Rd7 13. a3 1/2-1/2

[Event "Top16 Gonfreville l'Orcher"]
[Site "?"]
[Date "2007.04.29"]
[Round "5"]
[White "Gleck, Igor"]
[Black "Heberla, Bartholomiej"]
[Result "1-0"]
[WhiteElo "2531"]
[BlackElo "2533"]
[PlyCount "71"]
[EventDate "2007.??.??"]
[SourceDate "2007.04.30"]
[WhiteTeam "Vandoeuvre"]
[BlackTeam "Marseille"]

1. e4 c5 2. Nf3 Nc6 3. Bb5 a6 4. Bxc6 dxc6 5. d3 Qc7 6. Nbd2 e5 7. Nc4 Be6 8.
O-O Bxc4 9. dxc4 Be7 10. a4 a5 11. b3 Nf6 12. Bb2 Nd7 13. Qe2 O-O 14. Rad1 Rfd8
15. Rd3 g6 16. h4 Bf6 17. Rfd1 Nf8 18. Bxe5 Bxe5 19. Nxe5 Ne6 20. Rxd8+ Rxd8
21. Rxd8+ Qxd8 22. Qf3 Qe7 23. c3 Ng5 24. Qf4 Ne6 25. Qg3 Qd6 26. Kh2 Qd2 27.
Qf3 Qf4+ 28. Qxf4 Nxf4 29. Kg3 Ne6 30. Nd7 f5 31. Nf6+ Kg7 32. Ne8+ Kf8 33.
exf5 gxf5 34. Nd6 f4+ 35. Kg4 b6 36. Kf5 1-0

[Event "Top16 Gonfreville l'Orcher"]
[Site "?"]
[Date "2007.04.29"]
[Round "5"]
[White "Jedynak, Radoslaw"]
[Black "Brunner, Nicolas"]
[Result "1/2-1/2"]
[WhiteElo "2538"]
[BlackElo "2439"]
[PlyCount "35"]
[EventDate "2007.??.??"]
[SourceDate "2007.04.30"]
[WhiteTeam "Marseille"]
[BlackTeam "Vandoeuvre"]

1. d4 d5 2. c4 c6 3. e3 Nf6 4. Nc3 e6 5. Nf3 Nbd7 6. Bd3 dxc4 7. Bxc4 b5 8. Bd3
Bd6 9. O-O O-O 10. b3 Bb7 11. Bb2 Re8 12. Ne4 Nxe4 13. Bxe4 a6 14. Rc1 Rc8 15.
a4 Nf6 16. Bd3 bxa4 17. bxa4 c5 18. dxc5 1/2-1/2

[Event "Top16 Gonfreville l'Orcher"]
[Site "?"]
[Date "2007.04.29"]
[Round "5"]
[White "Genov, Petar"]
[Black "Philippe, Christophe"]
[Result "1/2-1/2"]
[WhiteElo "2474"]
[BlackElo "2354"]
[PlyCount "69"]
[EventDate "2007.??.??"]
[SourceDate "2007.04.30"]
[WhiteTeam "Marseille"]
[BlackTeam "Vandoeuvre"]

1. d4 f5 2. g3 Nf6 3. Bg2 g6 4. Nf3 Bg7 5. O-O O-O 6. c4 d6 7. Nc3 Qe8 8. d5 a5
9. Nd4 Na6 10. e4 fxe4 11. Nxe4 Nxe4 12. Bxe4 Bh3 13. Re1 Nc5 14. Bh1 Qf7 15.
Be3 Rae8 16. Qd2 a4 17. Rac1 Kh8 18. f4 b6 19. b4 axb3 20. axb3 e5 21. dxe6
Nxe6 22. Nxe6 Bxe6 23. Bd4 Bd7 24. Bd5 Bxd4+ 25. Qxd4+ Qg7 26. Qxg7+ Kxg7 27.
b4 Kf6 28. b5 Rxe1+ 29. Rxe1 Re8 30. Rxe8 Bxe8 31. Kg2 g5 32. Kf3 h6 33. fxg5+
Kxg5 34. Ke4 Bd7 35. Kf3 1/2-1/2

[Event "Top16 Gonfreville l'Orcher"]
[Site "?"]
[Date "2007.04.29"]
[Round "5"]
[White "Delorme, Laurie"]
[Black "Klipper, Rebecca"]
[Result "0-1"]
[WhiteElo "2026"]
[BlackElo "2026"]
[PlyCount "70"]
[EventDate "2007.??.??"]
[SourceDate "2007.04.30"]
[WhiteTeam "Marseille"]
[BlackTeam "Vandoeuvre"]

1. d4 d5 2. Nf3 e6 3. c4 Nf6 4. Nc3 Nbd7 5. Bg5 Be7 6. e3 O-O 7. Rc1 b6 8. cxd5
exd5 9. Bd3 Bb7 10. h3 Ne4 11. Bxe7 Qxe7 12. O-O c6 13. a3 f5 14. b4 g5 15. Nh2
Ndf6 16. Ne2 a5 17. Rb1 axb4 18. axb4 Ra2 19. Bc2 Ba6 20. g4 Bxe2 21. Qxe2 Nc3
22. Qd3 Nxb1 23. Bxb1 Ra7 24. b5 fxg4 25. bxc6 g3 26. fxg3 Ra3 27. Qc2 Qxe3+
28. Kh1 Ne4 29. Rxf8+ Kxf8 30. Nf1 Qf3+ 31. Kg1 Ke7 32. Qg2 Qxg2+ 33. Kxg2 Kd6
34. g4 Kxc6 35. Nh2 Rg3+ 0-1

[Event "Top16 Gonfreville l'Orcher"]
[Site "?"]
[Date "2007.04.29"]
[Round "5"]
[White "Asrian, Karen"]
[Black "Kazhgaleyev, Murtas"]
[Result "1/2-1/2"]
[WhiteElo "2635"]
[BlackElo "2603"]
[PlyCount "41"]
[EventDate "2007.??.??"]
[SourceDate "2007.04.30"]
[WhiteTeam "Bischwiller"]
[BlackTeam "Cannes"]

1. e4 e5 2. Nf3 Nc6 3. Bc4 Bc5 4. c3 Nf6 5. d3 d6 6. O-O a6 7. Bb3 Ba7 8. Nbd2
O-O 9. h3 Ne7 10. Re1 Ng6 11. Nf1 h6 12. Ng3 b5 13. d4 Bb7 14. Bc2 Re8 15. Be3
exd4 16. Nxd4 d5 17. Nb3 Bxe3 18. Rxe3 dxe4 19. Qxd8 Raxd8 20. Nc5 Bc6 21. Nxa6
1/2-1/2

[Event "Top16 Gonfreville l'Orcher"]
[Site "?"]
[Date "2007.04.29"]
[Round "5"]
[White "Tkachiev, Vladislav"]
[Black "Galdunts, Sergey"]
[Result "1-0"]
[WhiteElo "2652"]
[BlackElo "2506"]
[Annotator ",."]
[PlyCount "38"]
[EventDate "2007.??.??"]
[SourceDate "2007.04.30"]
[WhiteTeam "Cannes"]
[BlackTeam "Bischwiller"]

1. d4 d6 2. e4 Nf6 3. Nc3 g6 4. Be3 c6 5. Qd2 b5 6. Bd3 Nbd7 7. Nf3 Qc7 8. O-O
e5 9. dxe5 dxe5 10. h3 Nc5 11. b4 Ne6 12. a4 Bb7 13. Nxb5 Qe7 14. c3 Bc8 15.
Nxe5 cxb5 16. Bxb5+ Bd7 17. Nxd7 Nxd7 18. Rad1 Rd8 19. Bh6 f5 {illisible} 1-0

[Event "Top16 Gonfreville l'Orcher"]
[Site "?"]
[Date "2007.04.29"]
[Round "5"]
[White "Heinz, Timothée"]
[Black "Cornette, Mathieu"]
[Result "1/2-1/2"]
[WhiteElo "2289"]
[BlackElo "2490"]
[PlyCount "114"]
[EventDate "2007.??.??"]
[SourceDate "2007.04.30"]
[WhiteTeam "Bischwiller"]
[BlackTeam "Cannes"]

1. e4 c5 2. Nf3 e6 3. d4 cxd4 4. Nxd4 Nc6 5. Nc3 Qc7 6. Be2 a6 7. O-O b5 8.
Nxc6 dxc6 9. a4 b4 10. Nb1 Nf6 11. Nd2 Bc5 12. Bc4 h5 13. Qe2 Ng4 14. Nf3 f6
15. e5 Qf7 16. c3 bxc3 17. bxc3 Ra7 18. Ba3 Bxa3 19. Rxa3 fxe5 20. Rb3 O-O 21.
Nxe5 Qf4 22. Nxg4 Qxg4 23. Qxg4 hxg4 24. Rb8 Bd7 25. Rfb1 a5 26. R8b7 Rxb7 27.
Rxb7 Rf4 28. Bb3 Be8 29. Bxe6+ Kf8 30. Bb3 c5 31. c4 Bf7 32. Ra7 Bxc4 33. g3
Rd4 34. Bxc4 Rxc4 35. Rxa5 Kf7 36. Ra7+ Kf6 37. a5 Rc1+ 38. Kg2 c4 39. a6 c3
40. Rc7 Ra1 41. Rxc3 Rxa6 42. Rc4 Kf5 43. Rc5+ Kf6 44. h3 gxh3+ 45. Kxh3 g5 46.
Kg4 Ra4+ 47. Kh5 Ra2 48. f3 Ra3 49. Rc6+ Kg7 50. Kg4 Ra5 51. Rc7+ Kg6 52. Rc6+
Kg7 53. Rb6 Rc5 54. Ra6 Rb5 55. Kh5 Rb3 56. Rg6+ Kf7 57. Rxg5 Rxf3 1/2-1/2

[Event "Top16 Gonfreville l'Orcher"]
[Site "?"]
[Date "2007.04.29"]
[Round "5"]
[White "Govciyan, Pavel"]
[Black "Mensch, Etienne"]
[Result "1-0"]
[WhiteElo "2414"]
[BlackElo "2348"]
[PlyCount "73"]
[EventDate "2007.??.??"]
[SourceDate "2007.04.30"]
[WhiteTeam "Cannes"]
[BlackTeam "Bischwiller"]

1. d4 Nf6 2. c4 c5 3. d5 e6 4. Nc3 exd5 5. cxd5 Bd6 6. e4 Be5 7. Bd3 O-O 8.
Nge2 Re8 9. f3 d6 10. O-O a6 11. a4 Nbd7 12. Qc2 Qa5 13. Be3 Nf8 14. Kh1 Qb4
15. Nd1 Bd7 16. Bd2 Qb6 17. f4 Bd4 18. Nxd4 cxd4 19. Nf2 Rac8 20. Qb1 Ng6 21.
b4 Nh4 22. g3 Ng6 23. Qb2 Ng4 24. Nxg4 Bxg4 25. a5 Qa7 26. b5 axb5 27. Qxb5 Nf8
28. Rab1 Re7 29. Qb6 Qb8 30. Bb4 Rc3 31. Qxd4 Rxd3 32. Qxd3 Qe8 33. e5 dxe5 34.
Bxe7 Qxe7 35. Rbe1 Nd7 36. fxe5 Nxe5 37. Qd4 1-0

[Event "Top16 Gonfreville l'Orcher"]
[Site "?"]
[Date "2007.04.29"]
[Round "5"]
[White "Wagner, Claude"]
[Black "Parmentier, Xavier"]
[Result "1/2-1/2"]
[WhiteElo "2365"]
[BlackElo "2301"]
[PlyCount "45"]
[EventDate "2007.??.??"]
[SourceDate "2007.04.30"]
[WhiteTeam "Bischwiller"]
[BlackTeam "Cannes"]

1. d4 Nf6 2. Nf3 e6 3. c4 c5 4. d5 exd5 5. cxd5 d6 6. Nc3 g6 7. h3 a6 8. a4 Qe7
9. Bf4 Nbd7 10. Nd2 Ne5 11. Bxe5 Qxe5 12. Nc4 Qe7 13. Qd2 Bd7 14. a5 Rd8 15. e3
Bg7 16. Be2 O-O 17. O-O Bb5 18. Rab1 Bxc4 19. Bxc4 Ne4 20. Qd3 Rfe8 21. Nxe4
Qxe4 22. b4 Rc8 23. Qe2 1/2-1/2